000 00435nam a22001457a 4500
008 140423b xxu||||| |||| 00| 0 eng d
020 _a9780192803160
050 _aB3974.S37 2002
100 _aScruton, Roger
_99936
245 _aSpinoza
_ba very short introduction
_cRoger Scruton
260 _aOxford
_bOxford University Press
_c2002
300 _a129p. ;
_c18cm.
600 _aSpinoza, Benedictus di
_99937
942 _2lcc
_cMONOGRAPH
999 _c120426
_d120426